|
|
|
|
| LEADER |
00896cam a2200265 7i4500 |
| 001 |
0000036497 |
| 005 |
20201001090000.0 |
| 007 |
##ta |
| 008 |
201001s2020 my eng |
| 020 |
# |
# |
|a 9780367369439
|
| 040 |
# |
# |
|a MATR
|
| 090 |
0 |
0 |
|a B 658.408
|b STR
|
| 100 |
1 |
# |
|a Streimikiene, Dalia
|e author
|
| 245 |
1 |
0 |
|a Sustainable Development, Leadership and Innovations /
|c authored by Dalia Streimikiene, Asta Mikalauskiene and RemigijusClegis.
|
| 264 |
# |
4 |
|a ♭.
|
| 264 |
# |
1 |
|a Boca Raton:
|b CRC Press,
|c [2020].
|
| 300 |
# |
# |
|a xi, 267 pages:
|b illustrations;
|c 30 cm.
|
| 336 |
# |
# |
|a text
|2 rdacontent
|
| 337 |
# |
# |
|a unmediated
|2 rdamedia
|
| 338 |
# |
# |
|a volume
|2 rdacarrier
|
| 504 |
# |
# |
|a Includes bibliographical references and index
|
| 650 |
2 |
0 |
|a Issues management
|
| 650 |
2 |
0 |
|a Social responsibility of business
|
| 650 |
1 |
0 |
|a Sustainable development
|
| 999 |
|
|
|a 0000041078
|b Book
|c Book
|e Business Information Centre
|